000 00398nam a2200145Ia 4500
008 100122s9999 xx 000 0 und d
082 _b35014
_a823
100 _aहसमनीस द का
245 _aखंडणी
260 _bगुलमोहर पब्लिकेशन्स
_c1983
300 _a188
630 _aखंडणी
730 _aखंडणी
942 _cBOOK
999 _c418417
_d418414